[Event "Winnipeg Summer Junior op"]
[Site "Winnipeg CAN"]
[Date "2025.07.23"]
[Round "6.6"]
[White "Gao, Yueheng"]
[Black "Balamanage, Dineth"]
[Result "1/2-1/2"]
[WhiteElo "1215"]
[BlackElo "1639"]
[WhiteFideId "-1"]
[WhiteFideId "-1"]
[PlyCount "104"]
[GameId "2215457811459658"]
[EventDate "2025.07.21"]
[EventType "swiss"]
[EventRounds "6"]
[EventCountry "CAN"]

1. e4 c5 2. d4 cxd4 3. c3 d5 4. cxd4 dxe4 5. f3 exf3 6. Nxf3 Nf6 7. Nc3 Bg4 8. Be2 e6 9. h3 Bf5 10. Bf4 Nc6 11. Bb5 Nd5 12. Nxd5 exd5 13. O-O Be7 14. Ne5 Qb6 15. Qa4 Rc8 16. Rac1 Bd7 17. Nxd7 Kxd7 18. Be3 Bf6 19. Qb3 Rhd8 20. Qxd5+ Ke7 21. Qe4+ Kf8 22. Bxc6 bxc6 23. d5 c5 24. Rb1 Qd6 25. Rfe1 g6 26. Bh6+ Bg7 27. Bxg7+ Kxg7 28. Qe5+ Qxe5 29. Rxe5 Rc7 30. Rd1 c4 31. d6 Rcd7 32. Re7 Rxe7 33. dxe7 Re8 34. Rd7 Kf6 35. Rxa7 Rxe7 36. Rxe7 Kxe7 37. Kf2 Kd6 38. Ke3 Ke5 39. b3 cxb3 40. axb3 f5 41. b4 g5 42. b5 Kd5 43. b6 Kc6 44. b7 Kxb7 45. Kd4 g4 46. Ke5 gxh3 47. gxh3 f4 48. Kxf4 Kc7 49. Kg5 Kd7 50. Kh6 Ke7 51. Kxh7 Kf7 52. Kh6 Kf6 1/2-1/2

[Event "Winnipeg Summer Junior op"]
[Site "Winnipeg CAN"]
[Date "2025.07.23"]
[Round "6.7"]
[White "Lake, Pablo"]
[Black "Zhang, Nicole"]
[Result "1-0"]
[WhiteElo "1766"]
[BlackElo "1760"]
[WhiteFideId "-1"]
[WhiteFideId "-1"]
[PlyCount "65"]
[GameId "2215457811459659"]
[EventDate "2025.07.21"]
[EventType "swiss"]
[EventRounds "6"]
[EventCountry "CAN"]

1. e4 e5 2. Nc3 Nf6 3. f4 d6 4. Nf3 Nc6 5. Bb5 Bg4 6. h3 Bxf3 7. Qxf3 a6 8. Bxc6+ bxc6 9. d3 Qe7 10. Qg3 Rb8 11. O-O Nh5 12. Qf3 Nxf4 13. Bxf4 exf4 14. Qxf4 Rxb2 15. Rab1 Rxb1 16. Rxb1 Qd8 17. e5 Be7 18. Qe4 O-O 19. Qxc6 dxe5 20. Rb7 Qd4+ 21. Kh1 Bc5 22. Ne2 Qf2 23. Rxc7 Be3 24. Qf3 Qe1+ 25. Kh2 Bh6 26. c4 Qa5 27. Re7 Qxa2 28. c5 a5 29. c6 Qc2 30. c7 f6 31. Qd5+ Kh8 32. Qf7 Rg8 33. Re8 1-0

[Event "Winnipeg Summer Junior op"]
[Site "Winnipeg CAN"]
[Date "2025.07.23"]
[Round "6.9"]
[White "Hui, Zenas"]
[Black "Zhang, Oscar"]
[Result "1-0"]
[WhiteElo "1413"]
[BlackElo "1423"]
[WhiteFideId "-1"]
[WhiteFideId "-1"]
[PlyCount "109"]
[GameId "2215457811459661"]
[EventDate "2025.07.21"]
[EventType "swiss"]
[EventRounds "6"]
[EventCountry "CAN"]

1. c4 e5 2. g3 Nc6 3. Bg2 Nf6 4. Nc3 Bc5 5. e3 a6 6. Nge2 d6 7. O-O Be6 8. d4 exd4 9. exd4 Bxd4 10. Nxd4 Nxd4 11. Qxd4 c5 12. Qd3 Rb8 13. Bf4 Ke7 14. Rfe1 b6 15. Nd5+ Ke8 16. Nxf6+ gxf6 17. Rad1 Qd7 18. Qxd6 Qxd6 19. Rxd6 Ke7 20. Rdxe6+ fxe6 21. Bxb8 Rxb8 22. Bd5 Kd6 23. Rxe6+ Kd7 24. Rxf6 Kc7 25. Rf7+ Kd6 26. Rxh7 b5 27. b3 a5 28. Kg2 a4 29. Kf3 Rf8+ 30. Ke3 Re8+ 31. Kd3 bxc4+ 32. bxc4 Rf8 33. f4 a3 34. Ra7 Rh8 35. Rxa3 Rxh2 36. Ke4 Rh3 37. Rb3 Rh2 38. Rb6+ Ke7 39. Ra6 Re2+ 40. Kf3 Rc2 41. a4 Rc3+ 42. Kg4 Ra3 43. Ra8 Kf6 44. a5 Kg7 45. a6 Kh7 46. a7 Kg7 47. Rg8+ Kh7 48. a8=Q Rxa8 49. Rxa8 Kg6 50. Ra6+ Kg7 51. Kg5 Kf8 52. Ra7 Ke8 53. Kf6 Kd8 54. Ke6 Ke8 55. Ra8# 1-0

[Event "Winnipeg Summer Junior op"]
[Site "Winnipeg CAN"]
[Date "2025.07.23"]
[Round "6.10"]
[White "Lam, Jacob"]
[Black "Iyer, Pia"]
[Result "0-1"]
[WhiteElo "1358"]
[BlackElo "1168"]
[WhiteFideId "-1"]
[WhiteFideId "-1"]
[PlyCount "50"]
[GameId "2215457811459662"]
[EventDate "2025.07.21"]
[EventType "swiss"]
[EventRounds "6"]
[EventCountry "CAN"]

1. d4 d5 2. Nc3 Nf6 3. Bf4 Bf5 4. f3 Nbd7 5. Nb5 e5 6. dxe5 Nh5 7. Be3 Be6 8. g4 c5 9. gxh5 Qa5+ 10. Nc3 d4 11. Bxd4 cxd4 12. Qxd4 Bc5 13. Qe4 O-O 14. O-O-O Bb4 15. a3 Bxc3 16. bxc3 Nc5 17. Qf4 Qxc3 18. Qd4 Qxa3+ 19. Qb2 Qe3+ 20. Rd2 Rad8 21. c3 Nb3+ 22. Kb1 Nxd2+ 23. Ka1 Nxf1 24. Qxb7 Qxc3+ 25. Qb2 Rd1# 0-1

[Event "Winnipeg TNT 2025.01"]
[Site "Winnipeg CAN"]
[Date "2025.01.07"]
[Round "1.1"]
[White "Babb, Jeff"]
[Black "Aiello, Mick"]
[Result "1-0"]
[WhiteElo "1997"]
[BlackElo "1758"]
[WhiteFideId "-1"]
[WhiteFideId "-1"]
[PlyCount "87"]
[GameId "2140241293581735"]
[EventDate "2025.01.14"]
[EventType "swiss"]
[EventRounds "5"]
[EventCountry "CAN"]

1. e4 c5 2. Nc3 e6 3. g3 Nc6 4. Bg2 d6 5. d3 Be7 6. f4 Nf6 7. Nf3 O-O 8. O-O a6 9. Kh1 Qc7 10. Ng5 h6 11. Nh3 Bd7 12. g4 b5 13. a3 b4 14. axb4 cxb4 15. Na4 e5 16. f5 Nd4 17. c4 Bc6 18. Be3 Nd7 19. Bxd4 exd4 20. Nf4 Ne5 21. h3 Bg5 22. b3 a5 23. Ra2 Nd7 24. Ne2 Be3 25. Qa1 Qa7 26. Nf4 Qc7 27. Ne2 Qa7 28. Nf4 Qc7 29. Nd5 Bxd5 30. exd5 Ne5 31. Be4 Qd8 32. Qe1 Re8 33. Qg3 Ra6 34. h4 f6 35. Re2 Qc7 36. Kg2 Kf7 37. Kh3 Rh8 38. Rxe3 dxe3 39. Qxe3 Rc8 40. Re1 Qa7 41. d4 Nxc4 42. bxc4 Rxc4 43. Bd3 Rc7 44. Qe8# 1-0

[Event "Winnipeg TNT 2025.01"]
[Site "Winnipeg CAN"]
[Date "2025.01.07"]
[Round "1.2"]
[White "Ling, Aiden"]
[Black "Kowal, Ken"]
[Result "1/2-1/2"]
[WhiteElo "1756"]
[BlackElo "1971"]
[WhiteFideId "-1"]
[WhiteFideId "-1"]
[PlyCount "55"]
[GameId "2140241293581736"]
[EventDate "2025.01.14"]
[EventType "swiss"]
[EventRounds "5"]
[EventCountry "CAN"]

1. e4 c6 2. d4 d5 3. exd5 cxd5 4. c4 Nf6 5. Nc3 Nc6 6. Nf3 Bg4 7. Be3 e6 8. Be2 Be7 9. h3 Bh5 10. O-O O-O 11. g4 Bg6 12. Rc1 dxc4 13. Bxc4 Nb4 14. Ne5 Nbd5 15. Nxg6 hxg6 16. Qb3 Nxe3 17. fxe3 Rc8 18. Bd3 Nd5 19. Nxd5 Qxd5 20. Qxd5 exd5 21. Kf2 Bg5 22. Rxc8 Rxc8 23. e4 dxe4 24. Bxe4 b6 25. Ke2 Bf6 26. Rd1 Kf8 27. b3 Ke7 28. Rd2 1/2-1/2

[Event "Winnipeg TNT 2025.01"]
[Site "Winnipeg CAN"]
[Date "2025.01.07"]
[Round "1.3"]
[White "Vaughan, Nathan"]
[Black "Curtis, Rory"]
[Result "1-0"]
[WhiteElo "1951"]
[BlackElo "1703"]
[WhiteFideId "-1"]
[WhiteFideId "-1"]
[PlyCount "51"]
[GameId "2140241293581737"]
[EventDate "2025.01.14"]
[EventType "swiss"]
[EventRounds "5"]
[EventCountry "CAN"]

1. e4 e5 2. Nf3 d6 3. d4 exd4 4. Nxd4 Nf6 5. Nc3 Be7 6. f3 O-O 7. Bc4 Nc6 8. Be3 a6 9. g4 Ne5 10. Bb3 Nfxg4 11. fxg4 Bh4+ 12. Kd2 Bxg4 13. Qf1 c5 14. Nf5 Bxf5 15. exf5 c4 16. Bxc4 Nxc4+ 17. Qxc4 Rc8 18. Qd3 Bf6 19. Rhg1 b5 20. Bd4 Bg5+ 21. Be3 Bf6 22. Nd5 Bxb2 23. Bd4 Bxa1 24. Rxg7+ Kh8 25. Rxh7+ Kxh7 26. Qh3+ 1-0

[Event "Winnipeg TNT 2025.01"]
[Site "Winnipeg CAN"]
[Date "2025.01.07"]
[Round "1.4"]
[White "Gannon, Keith"]
[Black "Gres, Yakiv"]
[Result "0-1"]
[WhiteElo "1633"]
[BlackElo "1918"]
[WhiteFideId "-1"]
[WhiteFideId "-1"]
[PlyCount "40"]
[GameId "2140241293581738"]
[EventDate "2025.01.14"]
[EventType "swiss"]
[EventRounds "5"]
[EventCountry "CAN"]

1. d4 Nf6 2. c4 e6 3. Nc3 Bb4 4. Bd2 O-O 5. e3 d5 6. Nf3 c5 7. a3 Bxc3 8. Bxc3 cxd4 9. Bxd4 Nc6 10. cxd5 exd5 11. Bb5 Qa5+ 12. Qd2 Qxb5 13. Bxf6 gxf6 14. Nd4 Nxd4 15. Qxd4 Kg7 16. O-O-O Bf5 17. Rd2 Qb3 18. Re1 Rac8+ 19. Qc3 Rxc3+ 20. bxc3 Qb1# 0-1

[Event "Winnipeg TNT 2025.01"]
[Site "Winnipeg CAN"]
[Date "2025.01.07"]
[Round "1.5"]
[White "Kuryliw, Ray"]
[Black "Baylon, Jorel"]
[Result "1-0"]
[WhiteElo "1905"]
[BlackElo "1620"]
[WhiteFideId "-1"]
[WhiteFideId "-1"]
[PlyCount "107"]
[GameId "2140241293581739"]
[EventDate "2025.01.14"]
[EventType "swiss"]
[EventRounds "5"]
[EventCountry "CAN"]

1. d4 e5 2. dxe5 d6 3. Nf3 Nc6 4. Bf4 Nge7 5. exd6 cxd6 6. Bxd6 Nf5 7. Bxf8 Qxd1+ 8. Kxd1 Rxf8 9. e4 Nfd4 10. Nxd4 Nxd4 11. c3 Bg4+ 12. Kc1 Ne6 13. f3 Bh5 14. Bb5+ Ke7 15. g4 Bg6 16. h4 h6 17. Nd2 a6 18. Bc4 Nf4 19. h5 Bh7 20. Re1 Rac8 21. Bf1 g6 22. hxg6 Bxg6 23. a4 Rfd8 24. Kc2 h5 25. gxh5 Bxh5 26. Re3 Ne6 27. Nb3 f6 28. Rd1 Bf7 29. Rxd8 Nxd8 30. Nd4 Ne6 31. Nxe6 Bxe6 32. b3 Kd6 33. f4 Rh8 34. Rd3+ Kc7 35. c4 Bd7 36. a5 Re8 37. Re3 Rh8 38. Kc3 Rh2 39. Bd3 b6 40. axb6+ Kxb6 41. e5 Rf2 42. e6 Be8 43. f5 a5 44. Rg3 Kc7 45. Rg8 Kd8 46. c5 Ke7 47. Rg7+ Kd8 48. e7+ Kc7 49. Rg8 Bc6 50. e8=Q Bxe8 51. Rxe8 Kc6 52. Re6+ Kxc5 53. Rxf6 Kd5 54. Ra6 1-0

[Event "Winnipeg TNT 2025.01"]
[Site "Winnipeg CAN"]
[Date "2025.01.07"]
[Round "1.6"]
[White "Trueman, Francis"]
[Black "Rutter, Blair"]
[Result "0-1"]
[WhiteElo "1588"]
[BlackElo "1898"]
[WhiteFideId "-1"]
[WhiteFideId "-1"]
[PlyCount "34"]
[GameId "2140241293581740"]
[EventDate "2025.01.14"]
[EventType "swiss"]
[EventRounds "5"]
[EventCountry "CAN"]

1. e4 e6 2. Nf3 d5 3. exd5 exd5 4. Be2 Nf6 5. O-O Bd6 6. d3 O-O 7. Nbd2 Bg4 8. Re1 c6 9. h4 Qc7 10. Nf1 h6 11. g3 Nbd7 12. Ne3 Bxf3 13. Bxf3 Rae8 14. Kh1 Bxg3 15. fxg3 Qxg3 16. Ng2 Rxe1+ 17. Qxe1 Qxf3 0-1

[Event "Winnipeg TNT 2025.01"]
[Site "Winnipeg CAN"]
[Date "2025.01.07"]
[Round "1.7"]
[White "MacPherson, Al"]
[Black "Reimer, Bruce"]
[Result "1-0"]
[WhiteElo "1814"]
[BlackElo "1559"]
[WhiteFideId "-1"]
[WhiteFideId "-1"]
[PlyCount "127"]
[GameId "2140241293581741"]
[EventDate "2025.01.14"]
[EventType "swiss"]
[EventRounds "5"]
[EventCountry "CAN"]

1. d4 g6 2. c4 Bg7 3. Nc3 d6 4. e4 e5 5. d5 a6 6. Bd3 Nf6 7. Nf3 O-O 8. b4 c6 9. a4 cxd5 10. cxd5 Bg4 11. h3 Bxf3 12. Qxf3 Nbd7 13. O-O Rc8 14. Bd2 Nb6 15. Rfc1 Qd7 16. Qe2 Rc7 17. Be3 Rfc8 18. Bxb6 Rxc3 19. Rxc3 Rxc3 20. Be3 Qc8 21. b5 axb5 22. axb5 Nd7 23. f3 Nc5 24. Bc2 Nd7 25. Ra2 Bf6 26. Bd1 Bd8 27. Bd2 Bb6+ 28. Kh2 Rc7 29. Qd3 Nc5 30. Qb1 Kg7 31. Qa1 Qd8 32. Bc2 Qh4 33. Be1 Qf4+ 34. Bg3 Qe3 35. Qe1 Qg5 36. Bh4 Qf4+ 37. g3 Qxf3 38. Bd8 Nd7 39. Bxc7 Bxc7 40. Bd1 Qd3 41. Qe2 Qd4 42. Ra4 Qb6 43. Ra3 Qc5 44. Rf3 Nf6 45. Qc2 Qb6 46. Rc3 Bb8 47. Rf3 Ba7 48. Rf1 Qxb5 49. Be2 Qb4 50. Bf3 Qb5 51. Rb1 Qd7 52. Qb3 b6 53. Qb5 Qc7 54. Qc6 Qe7 55. Rc1 Nh5 56. Qc7 Qf6 57. Kg2 Qg5 58. Bxh5 gxh5 59. Rf1 Qg6 60. Qxa7 Qxe4+ 61. Rf3 Qe2+ 62. Rf2 Qe4+ 63. Kh2 Qd4 64. Qxf7+ 1-0

[Event "Winnipeg TNT 2025.01"]
[Site "Winnipeg CAN"]
[Date "2025.01.07"]
[Round "1.8"]
[White "Cobb, Kyle"]
[Black "Rosenstock, Samuel"]
[Result "0-1"]
[WhiteElo "1459"]
[BlackElo "1791"]
[WhiteFideId "-1"]
[WhiteFideId "-1"]
[PlyCount "34"]
[GameId "2140241293581742"]
[EventDate "2025.01.14"]
[EventType "swiss"]
[EventRounds "5"]
[EventCountry "CAN"]

1. e4 e6 2. d4 d5 3. e5 c5 4. c3 Nc6 5. Nf3 Bd7 6. Be2 Qb6 7. Nbd2 cxd4 8. cxd4 Nxd4 9. a3 Nxe2 10. Qxe2 Bb5 11. Qe3 Bc5 12. Qc3 Bxf2+ 13. Kd1 Ne7 14. b4 Rc8 15. Qb2 Qe3 16. Nb3 Qd3+ 17. Qd2 Qxb3+ 0-1

[Event "Winnipeg TNT 2025.01"]
[Site "Winnipeg CAN"]
[Date "2025.01.14"]
[Round "2.1"]
[White "Kuryliw, Ray"]
[Black "Babb, Jeff"]
[Result "1/2-1/2"]
[WhiteElo "1905"]
[BlackElo "1997"]
[WhiteFideId "-1"]
[WhiteFideId "-1"]
[PlyCount "93"]
[GameId "2140241293589937"]
[EventDate "2025.01.14"]
[EventType "swiss"]
[EventRounds "5"]
[EventCountry "CAN"]

1. d4 c5 2. d5 Nf6 3. c4 g6 4. Nc3 d6 5. Bf4 Bg7 6. Qd2 h6 7. h3 g5 8. Bh2 Bf5 9. e3 Qa5 10. Nf3 Nfd7 11. Bd3 Bxd3 12. Qxd3 Na6 13. O-O Nc7 14. Rac1 a6 15. b3 Bxc3 16. Qxc3 Qxc3 17. Rxc3 b5 18. e4 f6 19. Nd2 b4 20. Re3 a5 21. f4 a4 22. Nf3 O-O 23. fxg5 hxg5 24. Bg3 Ne8 25. Nh2 axb3 26. axb3 Ng7 27. Ng4 Nh5 28. Nh6+ Kh7 29. Nf5 Nxg3 30. Rxg3 Rf7 31. h4 g4 32. Rxg4 Ne5 33. Rg3 Ra3 34. Re1 Ng6 35. Rf1 Ne5 36. Re1 Ng6 37. Ree3 Ne5 38. h5 Ra1+ 39. Kf2 Rh1 40. h6 Rh5 41. Re2 Rg5 42. Ra2 Ng4+ 43. Kf3 Ne5+ 44. Kf2 Ng4+ 45. Kf3 Ne5+ 46. Kf4 Ng6+ 47. Kf3 1/2-1/2

[Event "Winnipeg TNT 2025.01"]
[Site "Winnipeg CAN"]
[Date "2025.01.14"]
[Round "2.2"]
[White "Rutter, Blair"]
[Black "Vaughan, Nathan"]
[Result "1-0"]
[WhiteElo "1898"]
[BlackElo "1951"]
[WhiteFideId "-1"]
[WhiteFideId "-1"]
[PlyCount "79"]
[GameId "2140241293589938"]
[EventDate "2025.01.14"]
[EventType "swiss"]
[EventRounds "5"]
[EventCountry "CAN"]

1. c4 Nf6 2. g3 c6 3. Bg2 d5 4. cxd5 cxd5 5. d4 Nc6 6. Nf3 e6 7. O-O Be7 8. Nc3 O-O 9. Re1 b6 10. h3 Bb7 11. Bg5 h6 12. Bxf6 Bxf6 13. e3 Rc8 14. Rc1 Qd7 15. Bf1 Rfd8 16. Nh2 g6 17. Ng4 Bg7 18. f4 h5 19. Nf2 Ne7 20. g4 hxg4 21. hxg4 f6 22. Nd3 Kf7 23. Rc2 Rh8 24. Qf3 f5 25. Rg2 Rh6 26. Ne5+ Bxe5 27. fxe5 Rch8 28. Bd3 Bc6 29. Qf4 Ke8 30. a4 Bxa4 31. b3 Bc6 32. Kf2 fxg4 33. Qxg4 Nf5 34. Ke2 Qf7 35. Rf1 Rh2 36. Rff2 Rxg2 37. Rxg2 Kd8 38. Qxg6 Qxg6 39. Rxg6 Rh2+ 40. Ke1 1-0

[Event "Winnipeg TNT 2025.01"]
[Site "Winnipeg CAN"]
[Date "2025.01.14"]
[Round "2.3"]
[White "Gres, Yakiv"]
[Black "Nagelberg, Alan"]
[Result "1-0"]
[WhiteElo "1918"]
[BlackElo "1774"]
[WhiteFideId "-1"]
[WhiteFideId "-1"]
[PlyCount "51"]
[GameId "2140241293589939"]
[EventDate "2025.01.14"]
[EventType "swiss"]
[EventRounds "5"]
[EventCountry "CAN"]

1. e4 e5 2. Nf3 Nc6 3. Bb5 Nge7 4. O-O Ng6 5. c3 a6 6. Bc4 Be7 7. d4 O-O 8. Re1 d6 9. Nbd2 Bf6 10. Nf1 Bg4 11. d5 Nb8 12. Ne3 Bc8 13. g3 Bh3 14. Bf1 Bxf1 15. Rxf1 Qd7 16. Kg2 c6 17. h4 cxd5 18. Nxd5 Qc6 19. h5 Ne7 20. Nxf6+ gxf6 21. Bh6 Rd8 22. Re1 f5 23. Qd2 f4 24. Nxe5 Qe8 25. Ng4 Qc6 26. Qxf4 1-0

[Event "Winnipeg TNT 2025.01"]
[Site "Winnipeg CAN"]
[Date "2025.01.14"]
[Round "2.4"]
[White "Stordeur, Jackson"]
[Black "Ling, Aiden"]
[Result "1-0"]
[WhiteElo "2000"]
[BlackElo "1756"]
[WhiteFideId "-1"]
[WhiteFideId "-1"]
[PlyCount "73"]
[GameId "2140241293589940"]
[EventDate "2025.01.14"]
[EventType "swiss"]
[EventRounds "5"]
[EventCountry "CAN"]

1. e4 c5 2. Nf3 Nc6 3. d4 cxd4 4. Nxd4 e5 5. Nb5 d6 6. N1c3 a6 7. Na3 Be6 8. Nc4 Rb8 9. Nd5 Bxd5 10. exd5 Nce7 11. a4 Nf6 12. Ne3 g6 13. g3 Bg7 14. Bg2 O-O 15. O-O Nd7 16. Bd2 f5 17. Nc4 Nf6 18. Bb4 Ne8 19. a5 f4 20. Bc3 fxg3 21. fxg3 Rxf1+ 22. Qxf1 Bh6 23. Bh3 Nc7 24. Bb4 Nexd5 25. Bxd6 Ne3 26. Qd3 Nf5 27. Bxe5 Qxd3 28. cxd3 Rc8 29. g4 Nh4 30. g5 Nf3+ 31. Kg2 Nxe5 32. Bxc8 Nxc4 33. dxc4 Bxg5 34. Bxb7 Kf7 35. Rd1 Ke7 36. Bc8 Ne6 37. Re1 1-0

[Event "Winnipeg TNT 2025.01"]
[Site "Winnipeg CAN"]
[Date "2025.01.14"]
[Round "2.6"]
[White "Aiello, Mick"]
[Black "Trueman, Francis"]
[Result "1-0"]
[WhiteElo "1758"]
[BlackElo "1588"]
[WhiteFideId "-1"]
[WhiteFideId "-1"]
[PlyCount "83"]
[GameId "2140241293589942"]
[EventDate "2025.01.14"]
[EventType "swiss"]
[EventRounds "5"]
[EventCountry "CAN"]

1. e4 d6 2. d4 Nd7 3. Nc3 e5 4. Nge2 Ngf6 5. h3 Be7 6. g4 h6 7. Bg2 Nh7 8. Be3 c6 9. Qd2 Bg5 10. O-O-O Bxe3 11. Qxe3 a5 12. f4 exd4 13. Qxd4 a4 14. Qxg7 Ke7 15. Nd4 Ndf6 16. Nf5+ Bxf5 17. exf5 Qf8 18. Rhe1+ Kd7 19. Qxf8 Rhxf8 20. a3 d5 21. Ne2 b5 22. Nd4 Rab8 23. Nf3 Kd6 24. c3 Nd7 25. Ne5 Nc5 26. Kc2 Nf6 27. g5 hxg5 28. fxg5 Nh5 29. Nd3 Ng3 30. Nxc5 Kxc5 31. f6 Nh5 32. Rd4 Rbe8 33. Rxe8 Rxe8 34. Bf3 Ng3 35. Rd2 Re3 36. Bg4 Ne4 37. g6 Nxf6 38. gxf7 Nh7 39. Bf5 Nf8 40. Rf2 Re7 41. Bg4 Rxf7 42. Rxf7 1-0

[Event "Winnipeg TNT 2025.01"]
[Site "Winnipeg CAN"]
[Date "2025.01.14"]
[Round "2.7"]
[White "Curtis, Rory"]
[Black "Reimer, Bruce"]
[Result "1-0"]
[WhiteElo "1703"]
[BlackElo "1559"]
[WhiteFideId "-1"]
[WhiteFideId "-1"]
[PlyCount "63"]
[GameId "2140241293589943"]
[EventDate "2025.01.14"]
[EventType "swiss"]
[EventRounds "5"]
[EventCountry "CAN"]

1. d4 g6 2. c4 Bg7 3. Nc3 d6 4. Bg5 a6 5. Nf3 c6 6. e3 Nf6 7. Be2 Nbd7 8. O-O O-O 9. Rc1 Qc7 10. d5 h6 11. Bh4 Re8 12. h3 b6 13. dxc6 Qxc6 14. Nd4 Qc7 15. Nd5 Nxd5 16. cxd5 Qb7 17. b4 e5 18. dxe6 fxe6 19. Bg3 d5 20. Rc7 Qxc7 21. Bxc7 Bb7 22. Qb1 Kh7 23. Bd3 Nf8 24. Bxb6 e5 25. Nb3 e4 26. Be2 Re6 27. Bd4 Nd7 28. Bxg7 Kxg7 29. Bg4 Re7 30. Bxd7 Rxd7 31. Nd4 Re7 32. Rc1 1-0

[Event "Winnipeg TNT 2025.01"]
[Site "Winnipeg CAN"]
[Date "2025.01.14"]
[Round "2.9"]
[White "Baylon, Jorel"]
[Black "Cobb, Kyle"]
[Result "1-0"]
[WhiteElo "1620"]
[BlackElo "1356"]
[WhiteFideId "-1"]
[WhiteFideId "-1"]
[PlyCount "69"]
[GameId "2140241293589945"]
[EventDate "2025.01.14"]
[EventType "swiss"]
[EventRounds "5"]
[EventCountry "CAN"]

1. d4 b6 2. Bf4 Bb7 3. e3 e6 4. Nd2 f5 5. Ngf3 Nf6 6. c3 Bd6 7. Bg5 Be7 8. Ne5 Ne4 9. Bxe7 Qxe7 10. Qh5+ g6 11. Nxg6 Qf7 12. Nf4 Qxh5 13. Nxh5 Nxd2 14. Kxd2 Kf7 15. Rg1 Na6 16. Bd3 c5 17. g4 Bf3 18. Bxa6 fxg4 19. Be2 Bxe2 20. Kxe2 Rhg8 21. Rg3 cxd4 22. exd4 Rg5 23. Nf4 e5 24. dxe5 Rxe5+ 25. Re3 Rf5 26. Nd3 d6 27. Rg1 h5 28. f3 Re8 29. fxg4 Rg5 30. Rxe8 Kxe8 31. h3 hxg4 32. Rxg4 Rh5 33. Nf4 Re5+ 34. Kf3 Rb5 35. b3 1-0

[Event "Winnipeg TNT 2025.01"]
[Site "Winnipeg CAN"]
[Date "2025.01.21"]
[Round "3.1"]
[White "Rutter, Blair"]
[Black "Gres, Yakiv"]
[Result "1/2-1/2"]
[WhiteElo "1898"]
[BlackElo "1918"]
[WhiteFideId "-1"]
[WhiteFideId "-1"]
[PlyCount "83"]
[GameId "2140241293589946"]
[EventDate "2025.01.14"]
[EventType "swiss"]
[EventRounds "5"]
[EventCountry "CAN"]

1. c4 e5 2. g3 Nf6 3. Bg2 d5 4. d3 dxc4 5. Qa4+ Bd7 6. Qxc4 Nc6 7. Bd2 Bd6 8. Nf3 h6 9. O-O O-O 10. Nc3 a6 11. Qb3 Be6 12. Qc2 Qd7 13. Rad1 Bh3 14. a3 Rfe8 15. b4 Qg4 16. e4 Rad8 17. Be3 Bf8 18. Na4 Qh5 19. Nh4 Bc8 20. Bf3 Bg4 21. Qe2 Nd4 22. Bxd4 Rxd4 23. h3 Bxf3 24. Qxf3 b5 25. Qxh5 Nxh5 26. Nc3 Red8 27. Nd5 c6 28. Nf5 cxd5 29. Nxd4 exd4 30. Rfe1 dxe4 31. Rxe4 Nf6 32. Re2 a5 33. bxa5 Bxa3 34. Re5 b4 35. Rde1 Bb2 36. Rb5 Ra8 37. Re7 Bc3 38. Reb7 Ra6 39. R7b6 Ra7 40. Rb8+ Kh7 41. R8b7 Ra6 42. Rxf7 {-.} 1/2-1/2

[Event "Winnipeg TNT 2025.01"]
[Site "Winnipeg CAN"]
[Date "2025.01.21"]
[Round "3.2"]
[White "Stordeur, Jackson"]
[Black "Kuryliw, Ray"]
[Result "1-0"]
[WhiteElo "2000"]
[BlackElo "1905"]
[WhiteFideId "-1"]
[WhiteFideId "-1"]
[PlyCount "73"]
[GameId "2140241293589947"]
[EventDate "2025.01.14"]
[EventType "swiss"]
[EventRounds "5"]
[EventCountry "CAN"]

1. e4 Nf6 2. e5 Nd5 3. d4 d6 4. Nf3 g6 5. Be2 Bg7 6. O-O Nc6 7. c4 Nb6 8. exd6 cxd6 9. h3 O-O 10. Nc3 d5 11. c5 Nc4 12. b3 N4a5 13. Bf4 b6 14. Rc1 bxc5 15. Nb5 a6 16. Nc7 Ra7 17. Rxc5 Rxc7 18. Bxc7 Qxc7 19. Qc1 Qb6 20. Rd1 Rd8 21. Qc3 Rd6 22. Ne5 Bb7 23. Rc1 Bf6 24. b4 Nxb4 25. Rb1 Nxa2 26. Qa1 Qd8 27. Qxa2 Nc6 28. Rxb7 Nxd4 29. Nd3 Nxe2+ 30. Qxe2 Rb6 31. Rxb6 Qxb6 32. Rxd5 Qb1+ 33. Kh2 Qb8+ 34. g3 h5 35. Nc5 Qa8 36. Qd3 Qa7 37. Qxa6 1-0

[Event "Winnipeg TNT 2025.01"]
[Site "Winnipeg CAN"]
[Date "2025.01.21"]
[Round "3.3"]
[White "Babb, Jeff"]
[Black "MacPherson, Al"]
[Result "1-0"]
[WhiteElo "1997"]
[BlackElo "1814"]
[WhiteFideId "-1"]
[WhiteFideId "-1"]
[PlyCount "77"]
[GameId "2140241293589948"]
[EventDate "2025.01.14"]
[EventType "swiss"]
[EventRounds "5"]
[EventCountry "CAN"]

1. f4 e5 2. fxe5 d6 3. exd6 Nf6 4. Nf3 Bxd6 5. Nc3 Ng4 6. g3 h5 7. Ne4 Nc6 8. Nxd6+ Qxd6 9. d4 Bf5 10. c3 O-O-O 11. Bf4 Qe7 12. h3 Ne3 13. Bxe3 Qxe3 14. Qd2 Qe6 15. Bg2 f6 16. b3 Rhe8 17. Kf2 g5 18. Rae1 g4 19. hxg4 Bxg4 20. Qf4 Ne7 21. e4 Qa6 22. Qd2 Ng6 23. Qe2 Qb6 24. Qe3 Ne7 25. Nh4 Nd5 26. Qd2 Nxc3 27. Qxc3 Rxd4 28. Kf1 Qa6+ 29. Kg1 Rd3 30. Qc4 Qb6+ 31. Kh2 Rd4 32. Qf7 Red8 33. Rhf1 R4d6 34. Nf5 R6d7 35. Qc4 Rd2 36. Ne7+ Kb8 37. Nd5 Qa5 38. b4 Qa6 39. Qxc7+ 1-0

[Event "Winnipeg TNT 2025.01"]
[Site "Winnipeg CAN"]
[Date "2025.01.21"]
[Round "3.4"]
[White "Vaughan, Nathan"]
[Black "Baylon, Nathan"]
[Result "1-0"]
[WhiteElo "1951"]
[BlackElo "1620"]
[WhiteFideId "-1"]
[WhiteFideId "-1"]
[PlyCount "59"]
[GameId "2140241293589949"]
[EventDate "2025.01.14"]
[EventType "swiss"]
[EventRounds "5"]
[EventCountry "CAN"]

1. e4 c5 2. Nf3 g6 3. c4 Nf6 4. Nc3 Nc6 5. d4 cxd4 6. Nxd4 Nxd4 7. Qxd4 Bg7 8. Be3 O-O 9. Qd2 Ng4 10. Bg5 h6 11. Bh4 Re8 12. h3 Nf6 13. Be2 b6 14. O-O Bb7 15. Bf3 Qc7 16. Bg3 Qxc4 17. e5 Ne4 18. Nxe4 Bxe4 19. Rfc1 Qd3 20. Qxd3 Bxd3 21. Bxa8 Rxa8 22. Rc3 Bb5 23. Rac1 d6 24. Rc8+ Rxc8 25. Rxc8+ Kh7 26. exd6 exd6 27. Bxd6 Bxb2 28. Rc7 Be8 29. Rxa7 Bd4 30. Re7 1-0

[Event "Winnipeg TNT 2025.01"]
[Site "Winnipeg CAN"]
[Date "2025.01.21"]
[Round "3.5"]
[White "Nagelberg, Alan"]
[Black "Curtis, Rory"]
[Result "1-0"]
[WhiteElo "1774"]
[BlackElo "1703"]
[WhiteFideId "-1"]
[WhiteFideId "-1"]
[PlyCount "65"]
[GameId "2140241293589950"]
[EventDate "2025.01.14"]
[EventType "swiss"]
[EventRounds "5"]
[EventCountry "CAN"]

1. c4 c6 2. Nc3 d5 3. cxd5 cxd5 4. d4 Nf6 5. Bf4 Bf5 6. e3 e6 7. Qb3 Qc8 8. Nb5 Na6 9. Nd6+ Bxd6 10. Bxd6 Nd7 11. Bb5 f6 12. Qa4 e5 13. dxe5 fxe5 14. Nf3 Nac5 15. Qh4 Qd8 16. Bxc5 g5 17. Bxd7+ Qxd7 18. Qh5+ Qf7 19. Qxf7+ Kxf7 20. Nxe5+ Ke6 21. f4 Be4 22. O-O h5 23. Nf3 Rhg8 24. Nxg5+ Kf5 25. Rfd1 b6 26. Ba3 Rad8 27. Rd2 Rg7 28. Rc1 Rgd7 29. Rd4 a5 30. Rc6 b5 31. Bc5 Bb1 32. h3 Bxa2 33. Nf3 1-0